| Tag |
First Indicator |
Second Indicator |
Subfields |
| LEADER |
00000cam a2200000Ki 4500 |
| 001 |
in00004354621 |
| 008 |
191128s2020 gw a b 000 0 eng d |
| 005 |
20250318213104.0 |
| 020 |
|
|
|a 9783958296978
|
| 020 |
|
|
|a 3958296971
|q hardcover
|
| 035 |
|
|
|a (OCoLC)on1129027003
|
| 035 |
|
|
|a (OCoLC)1129027003
|
| 040 |
|
|
|a YDX
|b eng
|e rda
|c YDX
|d BDX
|d ERASA
|d OCLCQ
|d YDXIT
|d OCLCF
|
| 050 |
|
4 |
|a TR647
|b .W33 2020
|
| 082 |
0 |
4 |
|a 779.092
|2 23
|
| 100 |
1 |
|
|a Waddell, Stephen,
|d 1968-
|e photographer.
|
| 245 |
1 |
0 |
|a Stephen Waddell /
|c Stephen Waddell.
|
| 250 |
|
|
|a First edition.
|
| 264 |
|
1 |
|a Göttingen, Germany :
|b Steidl ;
|a Toronto :
|b Scotiabank Photography Award,
|c 2020.
|
| 300 |
|
|
|a 228 pages :
|b illustrations (chiefly color) ;
|c 31 cm
|
| 336 |
|
|
|a text
|b txt
|2 rdacontent
|
| 336 |
|
|
|a still image
|b sti
|2 rdacontent
|
| 337 |
|
|
|a unmediated
|b n
|2 rdamedia
|
| 338 |
|
|
|a volume
|b nc
|2 rdacarrier
|
| 500 |
|
|
|a Published on the occasion of the awarding of the 2019 Scotiabank Photography Award to Stephen Waddell. Exhibition curated by Gaëlle Morel, May 1 to August 9, 2020, Ryerson Image Centre, Toronto, Ontario.
|
| 504 |
|
|
|a Includes bibliographical references.
|
| 520 |
8 |
|
|a Stephen Waddell embraces the entanglements and conundrums inherent to photographic mediations. For decades he has reinvigorated street photography and reportage through keen observation and an empathetic eye for social subjects. Initially a painter and filmmaker, Waddell brings questions about the very notion of realism to picture-making. He often references pictorial histories, such as early photography or classical painting, acknowledging that observation is informed by recognition and an unconscious awareness of existing images. Working with both analogue and digital tools, Waddell's highly considered approach involves experimenting continuously with new processes and materials. The subtlety of his photography is amplified by a painterly sensibility that emphasizes qualities of light. Illumination becomes a reference to photographic perception as well as to human vision. Consistent across his work are close affinities between a print's subject matter and its material qualities. At times, Waddell's layered images allude to the act of photography itself--as evident in his large gelatin silver prints depicting underground caverns lit from within. Waddell takes on the challenges of having single images carry dense meaning. Looking at one of his mise-en-scènes is a richly rewarding sensory experience, as close scrutiny animates uncanny details. While his images are to some extent staged, chance elements infiltrate each picture. He finesses the dynamic between controlled and wild elements in images at once precise and ambiguous. Helga Pakasaar Co-published with Scotiabank Photography Award, Toronto.
|
| 600 |
1 |
0 |
|a Waddell, Stephen,
|d 1968-
|v Exhibitions.
|
| 600 |
1 |
7 |
|a Waddell, Stephen,
|d 1968-
|2 fast
|0 (OCoLC)fst01679266
|
| 650 |
|
0 |
|a Photography, Artistic
|v Exhibitions.
|
| 650 |
|
0 |
|a Documentary photography
|v Exhibitions.
|
| 650 |
|
7 |
|a Documentary photography.
|2 fast
|0 (OCoLC)fst00896093
|
| 650 |
|
7 |
|a Photography, Artistic.
|2 fast
|0 (OCoLC)fst01061964
|
| 655 |
|
7 |
|a Exhibition catalogs.
|2 fast
|0 (OCoLC)fst01424028
|
| 710 |
2 |
|
|a Ryerson Image Centre (Toronto, Ont.),
|e host institution.
|
| 852 |
8 |
|
|b pda,print
|z This title is available for the library to purchase for your use. Click the "Purchase It For Me" button to place a request. This item may take 5-10 business days to arrive.
|
| 955 |
|
|
|a Print PDA title
|
| 961 |
|
|
|m 565730
|
| 999 |
f |
f |
|s 8f7dbc86-bf5a-4313-9bd4-224bafc19192
|i 2682525d-6f6e-3a27-b0f5-96fe60fac22d
|t 0
|
| 952 |
f |
f |
|a Texas A&M University
|b College Station
|c Sterling C. Evans Library
|d Purchase on Demand
|t 0
|e TR647 .W33 2020
|h Library of Congress classification
|
| 998 |
f |
f |
|a TR647 .W33 2020
|t 0
|l Purchase on Demand
|